| 000 | 00669nam a2200193 a 4500 | ||
|---|---|---|---|
| 005 | 20240210063559.0 | ||
| 008 | 991125s1990 mx 000 0 spa u | ||
| 020 | _a9700302601 | ||
| 035 | _aUPN01000000098 | ||
| 049 | _aCE | ||
| 050 | 4 |
_aPZ74.9 _bR6 |
|
| 100 | 1 |
_aRobles Robles, Daniel _929602 |
|
| 245 | 1 | 4 |
_aLos 100 mejores acertijos matemáticos : _bpara probar la habilidad mental con sus respuestas ampliamente explicadas / _cDaniel Robles R., Ma. de Lourdes Minquini C. |
| 260 |
_aMéxico : _bFernández : _bSEP, _c1990. |
||
| 300 |
_a151 p. : _bil. |
||
| 650 | 4 |
_aAdivinanzas _9114 |
|
| 700 | 1 |
_aMinquini Castañeda, María de Lourdes, _ecoaut. _929329 |
|
| 905 | _aLibro | ||
| 999 |
_c98 _d98 |
||